Scene design and stage lighting / (Record no. 7544)

MARC details
000 -LEADER
fixed length control field 01855cam a2200241 a 4500
020 ## - INTERNATIONAL STANDARD BOOK NUMBER
ISBN 0155061143 (student ed. with InfoTrac College Ed.)
020 ## - INTERNATIONAL STANDARD BOOK NUMBER
ISBN 0534259855 (student ed. without InfoTrac College Ed.)
022 ## - INTERNATIONAL STANDARD SERIAL NUMBER
ISSN 9780155061149
050 00 - CALL NUMBER
Classification number PN2091.S8
Item number P21
100 1# - AUTHOR
Personal name Parker, W. Oren(ed.)
245 10 - TITLE
Title Scene design and stage lighting /
Statement of responsibility, etc W. Oren Parker, R. Craig Wolf, Dick Block.
250 ## - EDITION
Edition statement 8th ed.
260 ## - PUBLICATION INFORMATION
Place of publication Belmont, CA :
Name of publisher Thomson/Wadsworth,
Year of publication 2003.
300 ## - DESCRIPTION
Number of Pages xx, 652 p. :
Other physical details ill. (some col.) ;
Dimensions 29 cm.
440 ## - SERIES
SERIES Wadsworth series in theatre.
500 ## - NOTES
General note Includes Index
505 ## - FORMATTED CONTENTS NOTE
Table of Content pt. I. Creating a Design --<br/>Ch. 1. Introduction --<br/>Ch. 2. Scene Design and the Theatre --<br/>Ch. 3. Scene Design as a Visual Art --<br/>Ch. 4. The Design Process --<br/>Ch. 5. Drafting the Design --<br/>pt. II. Realizing the Design --<br/>Ch. 6. The Scene Shop, Tools, and Equipment --<br/>Ch. 7. Building the Scenery --<br/>Ch. 8. Color in the Design --<br/>Ch. 9. Painting Scenery --<br/>Ch. 10. Handling Scenery --<br/>Ch. 11. Stage Properties and the Designer --<br/>pt. III. Sound for the Theatre --<br/>Ch. 12. Sound and Music in the Theatre --<br/>Ch. 13. Sound Systems and Equipment --<br/>pt. IV. Stage Lighting --<br/>Ch. 14. Introduction to Stage-Lighting Design --<br/>Ch. 15. Stage-Lighting Practice: Distribution --<br/>Ch. 16. Color and Light --<br/>Ch. 17. Intensity Control --<br/>Ch. 18. Distribution Control: Lighting Instruments --<br/>Ch. 19. Projection, Practicals, and Effects --<br/>Ch. 20. Stage-Lighting Practice: The Light Plot and Production --<br/>Ch. 21. Stage Lighting and Electricity --<br/>Ch. 22. Light Sources --<br/>Ch. 23. Stage-Lighting Practice: Design --<br/>Ch. 24. Lighting Design as a Profession.
650 #0 - SUBJECTS
Topical Term Theaters
General subdivision Stage-setting and scenery.
650 #0 - SUBJECTS
Topical Term Stage lighting.
700 1# - OTHER AUTHORS
Personal name Wolf, R. Craig.(ed.)
700 1# - OTHER AUTHORS
Personal name Block, Dick.(ed.)
942 ## - ADDED ENTRY ELEMENTS (KOHA)
Koha item type Books
Holdings
Withdrawn status Lost status Collection code Home library Current library Shelving location Date acquired Full call number Accession Number Koha item type
    Reference Methodist University Library Main Methodist University Library Main General Stacks 27/10/2013 PN2091.S8 P21 39168 Books
Copyright © 2026  MUG Library